Statistics for top 10 most visited countries as of 2022

Click here to take the quiz!

General Stats

  • This quiz has been taken 19 times
  • The average score is 9 of 10

Answer Stats

VisitorsAnswer% Correct
90.0 millionfrance
100%
39.4 millionunited kingdom
100%
79.3 millionunited states
100%
39.6 milliongermany
94%
65.7 millionchina
89%
64.5 millionitaly
89%
45.0 millionmexico
89%
83.7 millionspain
89%
39.8 millionthailand
78%
51.2 millionturkey
67%

Score Distribution

Percentile by Number Answered

Percent of People with Each Score

Your Score History

You have not taken this quiz